Оценка содержания урана в питьевой воде Павлодарской области; Проблемы геологии и освоения недр; Т. 2

Podrobná bibliografie
Parent link:Проблемы геологии и освоения недр: труды XVI Международного симпозиума имени академика М. А. Усова студентов и молодых ученых, Томск, 2-7 апреля 2012 г./ Национальный исследовательский Томский политехнический университет (ТПУ), Институт природных ресурсов (ИПР) ; Общество инженеров-нефтяников, Студенческий чаптер ; под ред. О. Г. Савичева.— , 2012
Т. 2.— 2012.— [С. 609-611]
Hlavní autor: Усенова Ш. Ж. Шинар Жаныбековна
Další autoři: Рихванов Л. П. Леонид Петрович (научный руководитель)
Shrnutí:Заглавие с титульного листа
Jazyk:ruština
Vydáno: 2012
Edice:Геоэкология, охрана и защита окружающей среды
Témata:
On-line přístup:http://www.lib.tpu.ru/fulltext/c/2012/C11/V2/287.pdf
Médium: MixedMaterials Elektronický zdroj Kapitola
KOHA link:https://koha.lib.tpu.ru/cgi-bin/koha/opac-detail.pl?biblionumber=238257

MARC

LEADER 00000nla2a2200000 4500
001 238257
005 20231031205116.0
035 |a (RuTPU)RU\TPU\book\259443 
035 |a RU\TPU\book\259436 
090 |a 238257 
100 |a 20130523d2012 k y0rusy50 ca 
101 0 |a rus 
102 |a RU 
105 |a y z 101zy 
135 |a drcn ---uucaa 
181 0 |a i  
182 0 |a b 
200 1 |a Оценка содержания урана в питьевой воде Павлодарской области  |b Электронный ресурс  |f Ш. Ж. Усенова  |g науч. рук. Л. П. Рихванов 
203 |a Текст  |c электронный 
215 |a 1 файл (410 Кб) 
225 1 |a Геоэкология, охрана и защита окружающей среды 
230 |a Электронные текстовые данные (1 файл : 410 Кб) 
300 |a Заглавие с титульного листа 
320 |a [Библиогр.: с. 611 (4 назв.)] 
337 |a Adobe Reader 
461 1 |0 (RuTPU)RU\TPU\book\252494  |t Проблемы геологии и освоения недр  |o труды XVI Международного симпозиума имени академика М. А. Усова студентов и молодых ученых, Томск, 2-7 апреля 2012 г.  |o в 2 т.  |f Национальный исследовательский Томский политехнический университет (ТПУ), Институт природных ресурсов (ИПР) ; Общество инженеров-нефтяников, Студенческий чаптер ; под ред. О. Г. Савичева  |d 2012 
463 1 |0 (RuTPU)RU\TPU\book\252518  |t Т. 2  |v [С. 609-611]  |d 2012 
610 1 |a труды учёных ТПУ 
610 1 |a электронный ресурс 
610 1 |a уран 
610 1 |a содержание 
610 1 |a питьевая вода 
610 1 |a Павлодарская область 
700 1 |a Усенова  |b Ш. Ж.  |g Шинар Жаныбековна 
702 1 |a Рихванов  |b Л. П.  |c российский ученый, геолог  |c профессор Томского политехнического университета, доктор геолого-минералогических наук  |c заслуженный геолог РФ  |c почетный работник высшего образования РФ  |f 1945-  |g Леонид Петрович  |2 stltpush  |4 727 
801 1 |a RU  |b 63413507  |c 20130205 
801 2 |a RU  |b 63413507  |c 20130523  |g RCR 
856 4 |u http://www.lib.tpu.ru/fulltext/c/2012/C11/V2/287.pdf 
942 |c CF